Ethics. (Record no. 10859)
[ view plain ]
| 000 -LEADER | |
|---|---|
| fixed length control field | 00575nam a22002172 4500 |
| 001 - CONTROL NUMBER | |
| control field | 0000005905 |
| 005 - DATE AND TIME OF LATEST TRANSACTION | |
| control field | 20151217154356.0 |
| 008 - FIXED-LENGTH DATA ELEMENTS--GENERAL INFORMATION | |
| fixed length control field | 070809s xx 000 0 eng d |
| 020 ## - INTERNATIONAL STANDARD BOOK NUMBER | |
| International Standard Book Number | 8120302168 : |
| Terms of availability | KES 300 |
| 040 ## - CATALOGING SOURCE | |
| Original cataloging agency | KABU |
| Transcribing agency | KABU |
| 050 #0 - LIBRARY OF CONGRESS CALL NUMBER | |
| Classification number | BJ1012 |
| Item number | .F73 1973 |
| 100 1# - MAIN ENTRY--PERSONAL NAME | |
| Personal name | Frankena, William K. |
| -- | 0000157188 |
| 245 10 - TITLE STATEMENT | |
| Title | Ethics. |
| 250 ## - EDITION STATEMENT | |
| Edition statement | 2nd ed. |
| 260 ## - PUBLICATION, DISTRIBUTION, ETC. (IMPRINT) | |
| Place of publication, distribution, etc. | New Delhi : |
| Name of publisher, distributor, etc. | Prentice Hall, |
| Date of publication, distribution, etc. | 2005. |
| 300 ## - PHYSICAL DESCRIPTION | |
| Extent | xv, 125 p. |
| 650 #0 - SUBJECT ADDED ENTRY--TOPICAL TERM | |
| Topical term or geographic name as entry element | Ethics. |
| -- | 0000148122 |
| 908 ## - PUT COMMAND PARAMETER (RLIN) | |
| Put command parameter | 070809 |
| 950 ## - LOCAL HOLDINGS (RLIN) | |
| -- | 1 |
| Withdrawn status | Lost status | Source of classification or shelving scheme | Not for loan | Home library | Current library | Date acquired | Total Checkouts | Full call number | Barcode | Date last seen | Price effective from | Koha item type |
|---|---|---|---|---|---|---|---|---|---|---|---|---|
| Library of Congress Classification | Kabarak, Main Campus | Kabarak, Main Campus | 17/12/2015 | BJ1012 .F73 1973 | 000149 | 02/08/2024 | 17/12/2015 | General Collection |